Etiqueta de registo: 00000nkm 2200025 450
001 2278198
003 http://id.bnportugal.gov.pt/bib/catbnp/2278198
100 ## $a20260309f1982 m y0pory01030103ba
101 0# $aesp
200 1# $aElecciones Sindicales en la Administracion Publica$bVisual gráfico]$fFederacion Sindical de la Administracion Publica, CCOO
210 #9 $aMadrid$cFederacion Sindical de la Administracion Publica,$d[1982?]
215 ## $a1 cartaz$ccolor.$d62,8x43 cm
306 ## $aDatação em conformidade com o evento anunciado
317 ## $aColeção Madeira Luís
710 02 $aFederacion Sindical de la Administracion Publica$31989980
711 02 $aCCOO - Comisiones Obreras$31982822
801 #0 $aPT$bBN$gRPC
966 ## $lBN$mICONOG$sCT. 24058 A.$x3
971 ## $cCaticonografia2$d20260309
995 ## $aPRR2026